| 000 -LEADER | |
|---|---|
| fixed length control field | 00529nam a22001817a 4500 |
| 005 - DATE AND TIME OF LATEST TRANSACTION | |
| control field | 20240117101226.0 |
| 008 - FIXED-LENGTH DATA ELEMENTS--GENERAL INFORMATION | |
| fixed length control field | 221217b |||||||| |||| 00| 0 eng d |
| 020 ## - INTERNATIONAL STANDARD BOOK NUMBER | |
| ISBN | 978-81-899-60-30-8 |
| 041 ## - LANGUAGE CODE | |
| Language code of text/sound track or separate title | eng |
| 082 ## - DEWEY DECIMAL CLASSIFICATION NUMBER | |
| Classification number | 615.19 LEM -F |
| 100 ## - MAIN ENTRY--AUTHOR NAME | |
| Personal name | LEMKE,THOMAS L., DAVID A.WILLIAMS , ROCHE, VICTORIA F. AND ZITO, S.WILLIAM |
| 245 ## - TITLE STATEMENT | |
| Title | FOYE'S PRINCILPES OF MEDICAL CHEMISTRY |
| 250 ## - EDITION STATEMENT | |
| Edition statement | 6th ed. |
| 260 ## - PUBLICATION, DISTRIBUTION, ETC. (IMPRINT) | |
| Place of publication | HARYANA |
| Name of publisher | WOLTERS KLUWER HEALTH |
| 300 ## - PHYSICAL DESCRIPTION | |
| Number of Pages | 1377;P. |
| 650 ## - SUBJECT ADDED ENTRY--TOPICAL TERM | |
| Topical Term | PHRMACY |
| General subdivision | B.PHARMA |
| 942 ## - ADDED ENTRY ELEMENTS (KOHA) | |
| Koha item type | Books |
| Lost status | Damaged status | Collection code | Home library | Current library | Shelving location | Date acquired | Source of acquisition | Cost, normal purchase price | Full call number | Accession Number | Koha item type |
|---|---|---|---|---|---|---|---|---|---|---|---|
| PHARMACY | JRU Library | JRU Library | SHELF-18-A | 20/10/2022 | LOHIA BOOK INTERNATIONAL | 2199.00 | 615.19-LEM -F | 26974 | Books | ||
| PHARMACY | JRU Library | JRU Library | SHELF-18-A | 20/10/2022 | LOHIA BOOK INTERNATIONAL | 2199.00 | 615.19-LEM -F | 26975 | Books | ||
| PHARMACY | JRU Library | JRU Library | SHELF-18-A | 20/10/2022 | LOHIA BOOK INTERNATIONAL | 2199.00 | 615.19-LEM -F | 26976 | Books | ||
| PHARMACY | JRU Library | JRU Library | SHELF-18-A | 20/10/2022 | LOHIA BOOK INTERNATIONAL | 2199.00 | 615.19-LEM -F | 26977 | Books | ||
| PHARMACY | JRU Library | JRU Library | SHELF-18-A | 20/10/2022 | LOHIA BOOK INTERNATIONAL | 2199.00 | 615.19-LEM -F | 26978 | Books |